Entry Toplantı Adı
001 - KONTROL NUMARASI
- Kontrol alanı: 47377
003 - KONTROL NUMARASI KİMLİĞİ
- Kontrol alanı: TR-BiSEU
005 - SON İŞLEM TARİHİ VE ZAMANI
- Kontrol alanı: 20260207002352.0
008 - SABİT UZUNLUKTAKİ VERİ ÖGELERİ - GENEL BİLGİ
- Sabit uzunlukta kontrol alanı: 260207|| aca||aabn | a|a d
040 ## - KATALOGLAMA KAYNAĞI
- Özgün kataloglama kurumu: TR-BiSEU
- Çeviri kurumu: TR-BiSEU
111 ## - KONU BAŞLIKLARI - TOPLANTI ADI
- Toplantı adı: Milli Selçuklu Kültür ve Medeniyeti Semineri
- Toplantı numarası: (3.: 1993 : Konya)
670 ## - BİLGİNİN KAYNAĞI
- Bilginin alındığı kaynak: KOHA: (TR-BiSEU)22695: Milli Selçuklu Kültür ve Medeniyeti Semineri (3.: 1993 : Konya), III. Milli Selçuklu Kültür ve Medeniyeti Semineri Bildirileri :
